แสดงรายละเอียดบรรณานุกรม
  กลับหน้าหลัก

Brief Record : Get Marc (ISO 2709) : E-mail record : QR code ปิดหน้าต่าง
E-books : เกี่ยวกับ Collections
LEADER 00000nam 2200000uu 4500
001    209665
003     ULIBM
008    140418s2555||||th 000 0 tha d
020    ^a9786163053299
041 0  ^atha^beng
050  4 ^aPE1128 ศ866ค 2555
100 0  ^aเศรษฐวิทย์
245 10 ^aคู่มือพิชิตข้อสอบภาษาอังกฤษปริญญาโททั่วประเทศและข้อสอบ TOEFL : ^bฉบับสมบูรณ์ (เพิ่มเติมแบบฝึกหัด)/^cเศรษฐวิทย์.
250    ^aพิมพ์ครั้งที่ 2
260    ^aกรุงเทพฯ : ^bโรงพิมพ์เม็ดทราย,^c2555.
300    ^a750 หน้า
650  0 ^aEnglish language ^xGrammar.
650  4 ^aภาษาอังกฤษ ^xข้อสอบและเฉลย ^xคู่มือ
650  4 ^aภาษาอังกฤษ ^xไวยากรณ์ ^xคำถามและแบบฝึกหัด
999    ^aใช้งานได้ทุกระบบ
รายการนี้ยังไม่มีแท็ก
คุณยังไม่ได้ล็อกอิน คุณสามารถมีกิจกรรมร่วมกับเว็บไซต์ได้ แต่ต้องล็อกอินก่อน ::
  ล็อกอิน
ลำดับที่ ประเภท เลขเรียก สถานที่ สถานะ
1. หนังสือสำรอง
หนังสือสำรอง
สถานะ=หนังสือเก่า - บริการ ณ ห้องสมุด (ห้องเหลือง)
PE1128 ศ866ค 2555  
  
หนังสือทั่วไป On Shelf
  ขอยืม
Note:ปีงบประมาณ 2557
2. หนังสือทั่วไป
หนังสือทั่วไป
สถานะ=หนังสือเก่า - บริการ ณ ห้องสมุด (ห้องเหลือง)
PE1128 ศ866ค 2555 ฉ.2 
  
หนังสือทั่วไป On Shelf
  ขอยืม
Note:ปีงบประมาณ 2557
3. หนังสือทั่วไป
หนังสือทั่วไป
สถานะ=หนังสือเก่า - บริการ ณ ห้องสมุด (ห้องเหลือง)
PE1128 ศ866ค 2555 ฉ.3 
  
หนังสือทั่วไป On Shelf
  ขอยืม
Note:ปีงบประมาณ 2557
4. หนังสือทั่วไป
หนังสือทั่วไป
สถานะ=หนังสือเก่า - บริการ ณ ห้องสมุด (ห้องเหลือง)
PE1128 ศ866ค 2555 ฉ.4 
  
หนังสือทั่วไป On Shelf
  ขอยืม
Note:ปีงบประมาณ 2557
5. หนังสือทั่วไป
หนังสือทั่วไป
สถานะ=หนังสือเก่า - บริการ ณ ห้องสมุด (ห้องเหลือง)
PE1128 ศ866ค 2555 ฉ.5 
  
หนังสือทั่วไป On Shelf
  ขอยืม
Note:ปีงบประมาณ 2557
   [แสดง 5/5 รายการ]

รายการใกล้เคียง
    ผู้แต่ง [เศรษฐวิทย์]

BibComment


ยังไม่เคยถูกคอมเมนท์

คอมเมนท์ทรัพยากรรายการนี้
  คอมเมนท์: คู่มือพิชิตข้อสอ..
Bib 209665

 
 
 

 Union Library Management : ULibM
Copyright 2026. All Rights Reserved.
скачать бесплатно без регистрации порно красивый секс HD Sex Hindi sex

xxx gou

xxxx

bfxxx

xxxwww

Секса Видео

xxxx

Секса Видео

detube

geilexxx

C99 Shell

worms shell

blod xxx video
Ebony Coed Rihanna Rimes Takes A Dick In Her Young Twat priyaa indian fuck anal and pusssy hardcore indian women xxx desi hardcore fucking part 1 bengalixxxcouple